Statystyki dla Rozpoznaj konkretny samochód po krótkim opisie.

Kliknij tutaj aby rozwiązać quiz!

Ogólne statystyki

  • Ten quiz został rozwiązany 456 razy
  • Średni wynik to 6 z 12

Statystyki odpowiedzi

WskazówkaSamochód% Poprawnych
"Legendarny" pomarańczowy samochód z serii "Szybcy i Wściekli", pojazd należący do zmarłego już aktora.Toyota Supra
81%
MaluchFiat 126p
79%
Samochód nazywany (przez znaczną część) najbrzydszym samochodem.Fiat Multipla
77%
Auto pożądania każdego somsiada.Volkswagen Passat
72%
Najbardziej rozpoznawalny sportowy samochód Nissana.Nissan GTR
68%
Niemiecka myśl techniczna mająca określenia "Gruz", "Driftowóz".BMW e36
67%
Konkurent Forda Mustanga, pochodzący również z USA.Chevrolet Camaro
52%
Samochód mający oficjalny rekord prędkości.Bugatti Chiron
51%
Samochód niemieckiego producenta z Ingolstadt, konkurent Lamborghini Huracan'a.Audi R8
35%
HiperCar/SuperCar szwedzkiego łysego konstruktora mający odmiany "S", "R", "RS".Koenigsegg Agera
29%
Auto amerykańskiego producenta pieszczotliwie nazywane "Foką".Ford Focus
24%
Najszybsze auto na torze nurburgring.Mercedes-AMG GT
12%

Rozkład punktacji

Percentyl według liczby udzielonych odpowiedzi

Procent ludzi z każdym wynikiem

Twoja historia wyników

Nie rozwiązałeś tego quizu